000 00570nam a2200169Ia 4500
999 _c20351
_d20351
082 _aTS.0944
100 _aSrivastava, Achala
245 0 _aSocio-economic status of women and gender disparity: an inter-district study of Uttar Pradesh
260 _c2004
_bChhatrapati Shahu Ji Maharaj University, Kanpur
300 _a324
504 _aincludes bibliography
650 _aWomen
_vSocial conditions
_vUttar Pradesh
650 _aWomen
_vEconomic conditions
_vUttar Pradesh
650 _aWomen in development
_vUttar Pradesh
710 _aSingh, A.K.
942 _cTH
_2ddc